[Event "AUT-ch99M"]
[Site "Wien"]
[Date "1999.08.07"]
[Round "1"]
[White "Kummer, Helmut"]
[Black "Hoelzl, Franz"]
[Result "1/2-1/2"]
[WhiteElo "2293"]
[BlackElo "2428"]
[PlyCount "131"]
[EventDate "1999.08.07"]

1. d4 d6 2. c4 e5 3. Nf3 e4 4. Ng5 f5 5. Nc3 c6 6. Nh3 Na6 7. Nf4 Nf6 8. e3 g6
9. Be2 Bg7 10. b3 O-O 11. Bb2 Nc7 12. h4 Ne6 13. Qd2 d5 14. g3 Nxf4 15. exf4
Be6 16. Nd1 dxc4 17. bxc4 Rf7 18. Ne3 Rd7 19. O-O Qe7 20. Rfd1 Bf7 21. Qa5 Ne8
22. Rd2 Qd8 23. Qb4 Qb6 24. Qb3 Nc7 25. Rad1 Rad8 26. Qc2 Qb4 27. h5 Ne6 28. d5
Bxb2 29. Qxb2 Qxb2 30. Rxb2 Nc5 31. dxc6 bxc6 32. Rxd7 Rxd7 33. Kf1 Kg7 34. Ke1
Kf6 35. hxg6 hxg6 36. Rd2 Rc7 37. Rd8 Ne6 38. Rb8 Nd4 39. a4 Be6 40. Rf8+ Bf7
41. Rb8 Ne6 42. a5 Nc5 43. Nc2 Na6 44. Rb1 c5 45. Kd2 Be6 46. Rh1 Rb7 47. Kc3
Nb8 48. f3 Nc6 49. fxe4 fxe4 50. a6 Rb6 51. Rh7 Ne7 52. g4 Bg8 53. g5+ Ke6 54.
Bg4+ Kd6 55. Rh1 Be6 56. Rd1+ Kc7 57. Bxe6 Rxe6 58. Re1 Nf5 59. Ne3 Nxe3 60.
Rxe3 Kb6 61. Kd2 Kxa6 62. Ra3+ Kb6 63. Rb3+ Kc6 64. Kc3 Re8 65. Ra3 Kb6 66.
Rb3+ 1/2-1/2

[Event "AUT-ch99M"]
[Site "Wien"]
[Date "1999.08.07"]
[Round "1"]
[White "Danner, Georg"]
[Black "Hansen, Kay"]
[Result "1/2-1/2"]
[WhiteElo "2407"]
[BlackElo "2205"]
[PlyCount "60"]
[EventDate "1999.08.07"]

1. d4 d5 2. Nf3 c6 3. c4 Nf6 4. e3 g6 5. Nc3 Bg7 6. Bd3 O-O 7. b3 Bg4 8. O-O
Nbd7 9. cxd5 Nxd5 10. Nxd5 cxd5 11. h3 Bxf3 12. Qxf3 Nf6 13. Ba3 Qd7 14. Rfc1
Rfc8 15. g4 h6 16. Kg2 Rxc1 17. Rxc1 Bf8 18. Qg3 Rc8 19. Rxc8 Qxc8 20. Qe5 Qd8
21. Bc5 a6 22. a4 e6 23. Bxf8 Kxf8 24. f3 Ke7 25. e4 Qb6 26. exd5 Nxd5 27. Bc4
Qd6 28. Bxd5 Qxd5 29. Qxd5 exd5 30. f4 a5 1/2-1/2

[Event "AUT-ch99M"]
[Site "Wien"]
[Date "1999.08.07"]
[Round "1"]
[White "Casagrande, Harald"]
[Black "Weinzettl, Ernst"]
[Result "1-0"]
[WhiteElo "2355"]
[BlackElo "2401"]
[PlyCount "87"]
[EventDate "1999.08.07"]

1. c4 e6 2. b3 d5 3. cxd5 exd5 4. Bb2 Nf6 5. Nf3 Be7 6. e3 O-O 7. Bd3 Nbd7 8.
Nc3 Nc5 9. Be2 Bg4 10. Ne5 Bxe2 11. Qxe2 d4 12. Nb5 dxe3 13. dxe3 c6 14. Nd4
Qa5+ 15. Kf1 g6 16. g4 Nce4 17. Nc4 Qd5 18. f3 b5 19. Na5 Nxg4 20. fxg4 Ng3+
21. hxg3 Qxh1+ 22. Kf2 Qh3 23. Naxc6 Bd6 24. Rg1 f5 25. g5 Rae8 26. Qf3 Re4 27.
Rh1 Bxg3+ 28. Ke2 Qg4 29. Nxb5 Rxe3+ 30. Kxe3 Re8+ 31. Be5 Bxe5 32. Qd5+ Kf8
33. Nxe5 Qg3+ 34. Kd2 Rxe5 35. Qd6+ Ke8 36. Nc7+ Kf7 37. Qd7+ {} 37... Re7 38.
Qd5+ Kf8 39. Ne6+ Ke8 40. Nd4 Qf2+ 41. Kc3 Rc7+ 42. Kb4 Qd2+ 43. Ka4 Qxa2+ 44.
Kb5 1-0

[Event "AUT-ch99M"]
[Site "Wien"]
[Date "1999.08.07"]
[Round "1"]
[White "Kwatschewsky, Leo"]
[Black "Wach, Markus"]
[Result "0-1"]
[WhiteElo "2344"]
[BlackElo "2397"]
[PlyCount "108"]
[EventDate "1999.08.07"]

1. e4 c5 2. Nf3 d6 3. d4 cxd4 4. Nxd4 Nf6 5. Nc3 a6 6. Bg5 e6 7. Qf3 Be7 8.
O-O-O Nbd7 9. Be2 Qc7 10. Qg3 b5 11. Bxb5 axb5 12. Ndxb5 Qb8 13. Nxd6+ Bxd6 14.
Qxd6 Qxd6 15. Rxd6 h6 16. Bxf6 gxf6 17. b3 Rg8 18. g3 h5 19. h4 Bb7 20. Re1
O-O-O 21. Re3 Ne5 22. Rxd8+ Rxd8 23. a4 Ng4 24. Re2 Ba6 25. Nb5 Kb7 26. f3 Ne5
27. Re3 Bxb5 28. axb5 Kb6 29. f4 Ng4 30. Rc3 Nf2 31. Rc6+ Kxb5 32. Rc7 Rf8 33.
Rc4 Rg8 34. e5 f5 35. Rc7 Rg7 36. c4+ Kb4 37. Kc2 Ne4 38. Rb7+ Kc5 39. Rc7+ Kb6
40. Rd7 Nc5 41. Re7 Ka5 42. Re8 Rxg3 43. Rb8 Nd3 44. Rb7 Nxf4 45. b4+ Ka4 46.
b5 Kb4 47. b6 Rg2+ 48. Kd1 Nd3 49. Ra7 Kc3 50. Ra3+ Kd4 51. b7 Ke3 52. Rxd3+
Kxd3 53. Kc1 Kc3 54. Kd1 Rb2 0-1

[Event "AUT-ch99M"]
[Site "Wien"]
[Date "1999.08.07"]
[Round "1"]
[White "Baumegger, Siegfried"]
[Black "Mahdy, Khaled"]
[Result "1/2-1/2"]
[WhiteElo "2407"]
[BlackElo "2325"]
[PlyCount "83"]
[EventDate "1999.08.07"]

1. d4 Nf6 2. c4 Nc6 3. Nf3 e6 4. Nc3 Bb4 5. Qc2 d5 6. Bg5 h6 7. Bxf6 Qxf6 8. e3
O-O 9. a3 Bxc3+ 10. Qxc3 a6 11. Bd3 Qd8 12. O-O Ne7 13. b4 Bd7 14. Rfc1 Ba4 15.
Ra2 dxc4 16. Bxc4 Bc6 17. Ne5 Bd5 18. Rd2 Bxc4 19. Qxc4 c6 20. g3 Qd6 21. Qc5
Rad8 22. Nc4 Qc7 23. e4 f5 24. f3 fxe4 25. fxe4 Rf3 26. Qh5 Rdf8 27. Ne5 R3f6
28. Qg4 Qd8 29. Nc4 Kh7 30. Rcd1 Kg8 31. Qe2 Nc8 32. Ne5 Qe8 33. Kg2 Ne7 34.
Nc4 Nc8 35. a4 Qe7 36. b5 axb5 37. axb5 cxb5 38. Ne5 Nd6 39. Ng4 R6f7 40. Ne5
Rf6 41. Ng4 R6f7 42. Ne5 1/2-1/2

[Event "AUT-ch99M"]
[Site "Wien"]
[Date "1999.08.07"]
[Round "1"]
[White "Weiss, Christian"]
[Black "Stanec, Nikolaus"]
[Result "1/2-1/2"]
[WhiteElo "2524"]
[BlackElo "2495"]
[PlyCount "76"]
[EventDate "1999.08.07"]

1. c4 c5 2. Nc3 Nc6 3. g3 g6 4. Bg2 Bg7 5. Nf3 Nh6 6. d3 Nf5 7. O-O O-O 8. e4
Nfd4 9. Nxd4 Nxd4 10. Ne2 Rb8 11. Nxd4 Bxd4 12. Bh6 Re8 13. Qd2 b5 14. Rab1
bxc4 15. dxc4 d6 16. h4 Be6 17. b3 Rb6 18. Qe2 Qd7 19. Kh2 Reb8 20. f4 f6 21.
f5 Bf7 22. Qd3 Be5 23. Bf4 Qb7 24. Rf2 a5 25. Bf3 a4 26. Bd1 axb3 27. Bxb3 gxf5
28. exf5 Kh8 29. Rg1 Rb4 30. Bxe5 dxe5 31. Rd1 Rb6 32. Qe3 Rd6 33. Qxc5 Rc8 34.
Qe3 Rxd1 35. Bxd1 Bxc4 36. Bb3 Bxb3 37. Qxb3 Qa7 38. Rc2 Rg8 1/2-1/2

[Event "AUT-ch99M"]
[Site "Wien"]
[Date "1999.08.07"]
[Round "1"]
[White "Lendwai, Reinhard"]
[Black "Stichlberger, Martin"]
[Result "1/2-1/2"]
[WhiteElo "2376"]
[BlackElo "2296"]
[PlyCount "118"]
[EventDate "1999.08.07"]

1. g3 g5 2. Bg2 Bg7 3. d4 h6 4. e4 d6 5. Ne2 c6 6. c4 Qa5+ 7. Nbc3 Nd7 8. Be3
Ngf6 9. h3 c5 10. Qd2 cxd4 11. Nxd4 Ne5 12. b3 g4 13. Nd5 Qxd2+ 14. Kxd2 gxh3
15. Nxf6+ Bxf6 16. Bxh3 Nc6 17. Kd3 h5 18. Bxc8 Ne5+ 19. Ke2 Rxc8 20. Rad1 Ng4
21. Nf5 a6 22. a4 Ne5 23. f3 Nd7 24. Rd5 Kd8 25. Rhd1 Ke8 26. Bf4 Nc5 27. Rb1
b5 28. cxb5 axb5 29. axb5 Ra8 30. Rd2 Rb8 31. Be3 Rxb5 32. Bxc5 Rxc5 33. b4 Rb5
34. Rc2 Kd7 35. Ne3 h4 36. g4 h3 37. Nd5 Bd4 38. Rc7+ Kd8 39. Rbc1 Rb8 40. Rxe7
h2 41. Rh1 Ra8 42. Kd3 Ra1 43. Rxh2 Rxh2 44. Rxf7 Rd1+ 45. Kc4 Rc2+ 46. Kb5 Rg1
47. Rf5 Rb1 48. g5 Rc5+ 49. Ka4 Ra1+ 50. Kb3 Rcc1 51. g6 Rab1+ 52. Ka4 Kc8 53.
Rf8+ Kb7 54. g7 Bxg7 55. Rf7+ Ka6 56. Rxg7 Ra1+ 57. Kb3 Rab1+ 58. Ka4 Ra1+ 59.
Kb3 Rab1+ 1/2-1/2

[Event "AUT-ch99M"]
[Site "Wien"]
[Date "1999.08.08"]
[Round "2"]
[White "Hoelzl, Franz"]
[Black "Stichlberger, Martin"]
[Result "1-0"]
[WhiteElo "2428"]
[BlackElo "2296"]
[PlyCount "91"]
[EventDate "1999.08.08"]

1. d4 h6 2. c3 a6 3. e4 d5 4. exd5 Qxd5 5. Nf3 Bg4 6. Nbd2 e6 7. h3 Bxf3 8.
Nxf3 Nf6 9. Be2 Be7 10. Ne5 Nbd7 11. Bf3 Qb5 12. a4 Qb6 13. Nc4 Qa7 14. Qb3 Nd5
15. Bxd5 exd5 16. Ne3 c6 17. Nf5 Bf8 18. O-O O-O-O 19. Bf4 Nb6 20. Rfe1 g6 21.
a5 Nc4 22. Qc2 Nd6 23. Be5 Rg8 24. Bxd6 Bxd6 25. Nxd6+ Rxd6 26. Qd2 g5 27. Qd3
Kb8 28. Re7 Ka8 29. Rae1 Qb8 30. Rxf7 Rf8 31. Qf5 Rxf7 32. Qxf7 Ka7 33. Re7 Rd8
34. b4 Rh8 35. Qe6 Ka8 36. g3 h5 37. Qe5 Qg8 38. Qc7 Qb8 39. Qxb8+ Kxb8 40. Rg7
g4 41. hxg4 hxg4 42. Kg2 Re8 43. Rxg4 Re2 44. Rg8+ Kc7 45. Rg7+ Kc8 46. Rf7 1-0

[Event "AUT-ch99M"]
[Site "Wien"]
[Date "1999.08.08"]
[Round "2"]
[White "Sommerbauer, Norbert"]
[Black "Lendwai, Reinhard"]
[Result "1/2-1/2"]
[WhiteElo "2375"]
[BlackElo "2376"]
[PlyCount "29"]
[EventDate "1999.08.08"]

1. e4 e6 2. d4 d5 3. Nd2 dxe4 4. Nxe4 Nd7 5. Nf3 Ngf6 6. Bg5 Be7 7. Nxf6+ Nxf6
8. Bd3 h6 9. Bf4 c5 10. dxc5 Bxc5 11. Qd2 11... Qb6 {=} 12. O-O-O Bd7 13. Ne5
Bb5 14. Rhe1 Rc8 15. Bxb5+ 1/2-1/2

[Event "AUT-ch99M"]
[Site "Wien"]
[Date "1999.08.08"]
[Round "2"]
[White "Mahdy, Khaled"]
[Black "Weiss, Christian"]
[Result "1/2-1/2"]
[WhiteElo "2325"]
[BlackElo "2524"]
[PlyCount "44"]
[EventDate "1999.08.08"]

1. e4 c6 2. d4 d5 3. Nc3 g6 4. Nf3 Bg7 5. h3 dxe4 6. Nxe4 Nf6 7. Nxf6+ exf6 8.
Bd3 O-O 9. O-O Be6 10. Be3 Na6 11. c4 Qd7 12. Rc1 Rfd8 13. Re1 Nc7 14. Bf4 Ne8
15. Qc2 Nd6 16. Red1 Bf5 17. Bxd6 Bxd3 18. Rxd3 Qxd6 19. Rcd1 Re8 20. Qb3 Re7
21. Re3 Rd8 22. Rxe7 Qxe7 1/2-1/2

[Event "AUT-ch99M"]
[Site "Wien"]
[Date "1999.08.08"]
[Round "2"]
[White "Wach, Markus"]
[Black "Baumegger, Siegfried"]
[Result "1-0"]
[WhiteElo "2397"]
[BlackElo "2407"]
[PlyCount "71"]
[EventDate "1999.08.08"]

1. e4 e6 2. d4 d5 3. Nc3 Nf6 4. e5 Nfd7 5. f4 c5 6. Nf3 a6 7. Be3 Qb6 8. Na4
Qa5+ 9. c3 cxd4 10. b4 Qc7 11. Bxd4 Nc6 12. Qd2 b5 13. Nb2 f6 14. Be2 fxe5 15.
fxe5 Ndxe5 16. Nxe5 Nxe5 17. O-O Bd6 18. a4 Ng6 19. axb5 Bxh2+ 20. Kh1 Bf4 21.
Be3 O-O 22. Bxf4 Nxf4 23. Nd3 Nxe2 24. Rxf8+ Kxf8 25. Qxe2 Kg8 26. bxa6 Qc4 27.
a7 Qxc3 28. Rc1 Qf6 29. Qe5 Ba6 30. Qb8+ Qd8 31. Qxd8+ Rxd8 32. Rc7 d4 33. Nc5
Bc4 34. Rb7 Bd5 35. Rb8 Rf8 36. Nd7 1-0

[Event "AUT-ch99M"]
[Site "Wien"]
[Date "1999.08.08"]
[Round "2"]
[White "Weinzettl, Ernst"]
[Black "Kwatschewsky, Leo"]
[Result "1-0"]
[WhiteElo "2401"]
[BlackElo "2344"]
[PlyCount "75"]
[EventDate "1999.08.08"]

1. e4 c5 2. Nf3 e6 3. d4 cxd4 4. Nxd4 a6 5. Nc3 b5 6. Bd3 Bb7 7. O-O Qc7 8. Re1
Nf6 9. e5 Nd5 10. Nxd5 Bxd5 11. Bf4 Nc6 12. Be4 Bxe4 13. Rxe4 Bc5 14. Nb3 Be7
15. a4 Qb7 16. Be3 Na5 17. Rg4 Nxb3 18. cxb3 g6 19. Bg5 Bxg5 20. Rxg5 O-O 21.
Rg4 f6 22. Rd4 Rad8 23. exf6 Rxf6 24. Rd6 Rdf8 25. f3 R8f7 26. Qd2 e5 27. Re1
Qc7 28. Rxf6 Rxf6 29. Qd5+ Re6 30. Rd1 Qb6+ 31. Kh1 bxa4 32. bxa4 Qxb2 33. Qxd7
Rf6 34. Qe7 Rf7 35. Qe6 Kg7 36. Re1 Rc7 37. h3 {} 37... Rc5 38. Qe7+ 1-0

[Event "AUT-ch99M"]
[Site "Wien"]
[Date "1999.08.08"]
[Round "2"]
[White "Hansen, Kay"]
[Black "Casagrande, Harald"]
[Result "0-1"]
[WhiteElo "2205"]
[BlackElo "2355"]
[PlyCount "80"]
[EventDate "1999.08.08"]

1. d4 g6 2. e4 c6 3. c3 d5 4. Nd2 dxe4 5. Nxe4 Bg7 6. Bc4 Bf5 7. Ng3 b5 8. Bb3
Nf6 9. Nxf5 gxf5 10. a4 e6 11. Bg5 b4 12. cxb4 Qd6 13. Bd2 Qxd4 14. Bc3 Qb6 15.
Ne2 Ne4 16. O-O Nxc3 17. bxc3 O-O 18. Bc4 Rd8 19. Qb3 Nd7 20. Rad1 Ne5 21. a5
Qc7 22. h3 c5 23. Bb5 Rab8 24. Ba4 Bf8 25. Rxd8 Rxd8 26. f4 Nd3 27. Bb5 cxb4
28. Rf3 Qc5+ 29. Nd4 bxc3 30. Bxd3 Rxd4 31. Kh2 Bd6 32. Bc2 Rxf4 33. Rxf4 Bxf4+
34. Kh1 Qxa5 35. g4 fxg4 36. hxg4 Qe5 37. Kg2 Qe2+ 38. Kg1 Be3+ 39. Kh1 Qf1+
40. Kh2 Bf4# 0-1

[Event "AUT-ch99M"]
[Site "Wien"]
[Date "1999.08.08"]
[Round "2"]
[White "Kummer, Helmut"]
[Black "Danner, Georg"]
[Result "1/2-1/2"]
[WhiteElo "2293"]
[BlackElo "2407"]
[PlyCount "121"]
[EventDate "1999.08.08"]

1. d4 Nf6 2. c4 e6 3. Nf3 c5 4. d5 exd5 5. cxd5 g6 6. Nc3 Bg7 7. g3 d6 8. Bg2
O-O 9. O-O a6 10. a4 Nbd7 11. Nd2 Qc7 12. a5 b5 13. axb6 Nxb6 14. h3 Bd7 15.
Re1 Rfe8 16. Ra2 Bb5 17. b3 Rab8 18. Bb2 Nbd7 19. Ba1 Rb6 20. Qc2 Rc8 21. e4
Re8 22. f4 c4 23. bxc4 Bxc4 24. Nxc4 Qxc4 25. Qe2 Qxe2 26. Rexe2 Nh5 27. Kh2
Rc8 28. Nd1 Rc1 29. Bxg7 Kxg7 30. Ne3 Rc3 31. Nf1 g5 32. fxg5 Kg6 33. Rf2 Ne5
34. Rf5 Ng7 35. Rf6+ Kxg5 36. Raf2 a5 37. Nd2 a4 38. Bf1 Re3 39. Kg2 a3 40. h4+
Kh5 41. Be2+ Rxe2 42. Rxe2 a2 43. Rf1 43... Rb2 {} 44. Kf2 Kg4 45. Ra1 Nd3+
46. Ke3 Nb4 47. Kf2 Nh5 48. Nf1 Rxe2+ 49. Kxe2 Nf6 50. Ne3+ Kxg3 51. Nf5+ Kf4
52. Nxd6 Ke5 53. Nxf7+ Kxe4 54. d6 Kd5 55. Rd1+ Ke6 56. d7 Nxd7 57. Ng5+ Kf5
58. Kd2 Ne5 59. Kc3 h6 60. Rf1+ Kg4 61. Kxb4 1/2-1/2

[Event "AUT-ch99M"]
[Site "Wien"]
[Date "1999.08.09"]
[Round "3"]
[White "Danner, Georg"]
[Black "Hoelzl, Franz"]
[Result "1/2-1/2"]
[WhiteElo "2407"]
[BlackElo "2428"]
[PlyCount "82"]
[EventDate "1999.08.09"]

1. d4 Nf6 2. Nf3 g6 3. c4 Bg7 4. Nc3 O-O 5. e4 d6 6. Be2 e5 7. d5 Na6 8. Nd2
Bh6 9. Qc2 Bg4 10. Bxg4 Nb4 11. Qd1 Nd3+ 12. Kf1 Nxc1 13. Rxc1 Nxg4 14. Qxg4
Bxd2 15. Rc2 f5 16. Qe2 Bxc3 17. Rxc3 Qh4 18. Rh3 Qg5 19. Re3 Qh6 20. h3 fxe4
21. Kg1 Rf4 22. Kh2 Raf8 23. Rf1 Qg5 24. g3 Rf3 25. Rxe4 a5 26. Kg2 a4 27. c5
a3 28. b4 Rc3 29. Rc4 Rxc4 30. Qxc4 Qd2 31. b5 b6 32. cxb6 cxb6 33. h4 Rf7 34.
Kh3 Kg7 35. f3 h5 36. f4 Qe3 37. Kg2 e4 38. Rf2 Kh7 39. Qc6 Qe1 40. Qe8 Kg7 41.
Rc2 Qe3 1/2-1/2

[Event "AUT-ch99M"]
[Site "Wien"]
[Date "1999.08.09"]
[Round "3"]
[White "Casagrande, Harald"]
[Black "Kummer, Helmut"]
[Result "1/2-1/2"]
[WhiteElo "2355"]
[BlackElo "2293"]
[PlyCount "106"]
[EventDate "1999.08.09"]

1. c4 e5 2. Nc3 Nf6 3. g3 d5 4. cxd5 Nxd5 5. Bg2 Nb6 6. d3 Be7 7. a3 O-O 8. b4
c5 9. bxc5 Bxc5 10. Nf3 Nc6 11. O-O Re8 12. Qb3 Be6 13. Qb2 f6 14. Rd1 Nd4 15.
e3 Nxf3+ 16. Bxf3 Qd7 17. d4 exd4 18. Ne4 Na4 19. Qc2 Bb6 20. exd4 Rac8 21. Nc5
Nxc5 22. dxc5 Rxc5 23. Qb2 Qc8 24. Bd2 Rc2 25. Qb5 Rd8 26. Be1 Rc5 27. Qa4 Bd7
28. Qb3+ Kh8 29. Qf7 Bc6 30. Bxc6 bxc6 31. a4 Rcd5 32. Rdc1 Bd4 33. Ra2 a6 34.
Rac2 c5 35. Ba5 Qd7 36. Qxd7 R8xd7 37. Bb6 c4 38. Bxd4 Rxd4 39. Rxc4 Kg8 40.
Kf1 Kf7 41. Ke2 Ke7 42. R1c2 Ke6 43. Rxd4 Rxd4 44. Rc6+ Rd6 45. Rc7 Rd7 46.
Rxd7 Kxd7 47. Kd3 Kd6 48. Kd4 Kc6 49. f4 Kd6 50. g4 Kc6 51. h4 Kd6 52. g5 fxg5
53. fxg5 h5 1/2-1/2

[Event "AUT-ch99M"]
[Site "Wien"]
[Date "1999.08.09"]
[Round "3"]
[White "Kwatschewsky, Leo"]
[Black "Hansen, Kay"]
[Result "1/2-1/2"]
[WhiteElo "2344"]
[BlackElo "2205"]
[PlyCount "45"]
[EventDate "1999.08.09"]

1. e4 c6 2. d4 d5 3. exd5 cxd5 4. c4 e6 5. Nf3 Nf6 6. Nc3 Be7 7. cxd5 Nxd5 8.
Bd3 a6 9. O-O Nxc3 10. bxc3 Nd7 11. Be3 Qc7 12. Qd2 O-O 13. Rfe1 b5 14. a4 bxa4
15. Bf4 Bd6 16. Bxd6 Qxd6 17. Ng5 h6 18. Ne4 Qc6 19. Bc2 Bb7 20. Bxa4 Qc7 21.
Bxd7 Qxd7 22. Nc5 Qc7 23. f3 1/2-1/2

[Event "AUT-ch99M"]
[Site "Wien"]
[Date "1999.08.09"]
[Round "3"]
[White "Baumegger, Siegfried"]
[Black "Weinzettl, Ernst"]
[Result "0-1"]
[WhiteElo "2407"]
[BlackElo "2401"]
[PlyCount "60"]
[EventDate "1999.08.09"]

1. d4 Nf6 2. Nf3 d5 3. c4 c6 4. Nc3 dxc4 5. a4 Bg4 6. Ne5 Bh5 7. g3 e6 8. Bg2
Na6 9. O-O Nb4 10. a5 Rc8 11. Ra4 Nd7 12. a6 12... b5 { } 13. Rxb4 Nxe5 14.
Rxb5 cxb5 15. dxe5 Qxd1 16. Rxd1 b4 17. Bb7 Rd8 18. Bc6+ Ke7 19. Bg5+ f6 20.
exf6+ gxf6 21. Rxd8 Kxd8 22. Bxf6+ Kc7 23. Be4 Rg8 24. Bxh7 { } 24... Bg7 25.
Ne4 Bxf6 26. Nxf6 Rh8 27. Be4 Bxe2 28. g4 Kd6 29. g5 Ke7 30. f4 Bd1 0-1

[Event "AUT-ch99M"]
[Site "Wien"]
[Date "1999.08.09"]
[Round "3"]
[White "Weiss, Christian"]
[Black "Wach, Markus"]
[Result "1/2-1/2"]
[WhiteElo "2524"]
[BlackElo "2397"]
[PlyCount "70"]
[EventDate "1999.08.09"]

1. d4 Nf6 2. Nf3 c5 3. d5 b5 4. c4 bxc4 5. Nc3 d6 6. e4 g6 7. Bxc4 Bg7 8. O-O
O-O 9. Re1 Nfd7 10. Bf4 Nb6 11. Bb3 Bg4 12. h3 Bxf3 13. Qxf3 N8d7 14. Qe2 Qb8
15. Rab1 Rc8 16. Bg5 c4 17. Bc2 Re8 18. f4 Nc5 19. Qf3 Nbd7 20. Qf1 Qb6 21. Kh1
Qa6 22. Re3 Rab8 23. Nd1 Nd3 24. Bxd3 cxd3 25. Qxd3 Qxa2 26. b4 Nc5 27. Re2
Nxd3 28. Rxa2 h6 29. Bh4 Nxb4 30. Rxa7 g5 31. fxg5 hxg5 32. Bxg5 Nd3 33. Rab7
Rxb7 34. Rxb7 Ra8 35. Rb1 Ra7 1/2-1/2

[Event "AUT-ch99M"]
[Site "Wien"]
[Date "1999.08.09"]
[Round "3"]
[White "Lendwai, Reinhard"]
[Black "Stanec, Nikolaus"]
[Result "1/2-1/2"]
[WhiteElo "2376"]
[BlackElo "2495"]
[PlyCount "45"]
[EventDate "1999.08.09"]

1. d4 Nf6 2. Nf3 g6 3. c3 Bg7 4. Bg5 O-O 5. Nbd2 d5 6. e3 Nbd7 7. Bd3 Re8 8.
O-O e5 9. dxe5 Nxe5 10. Nxe5 Rxe5 11. Bf4 Re8 12. h3 c6 13. Re1 Be6 14. Nf3 Ne4
15. Nd4 Bd7 16. Qc2 Nc5 17. Bf1 Ne6 18. Bg3 Qb6 19. Rad1 a5 20. Nf3 Nc5 21. Nd4
Ne6 22. Nf3 Nc5 23. Nd4 1/2-1/2

[Event "AUT-ch99M"]
[Site "Wien"]
[Date "1999.08.09"]
[Round "3"]
[White "Stichlberger, Martin"]
[Black "Sommerbauer, Norbert"]
[Result "0-1"]
[WhiteElo "2296"]
[BlackElo "2375"]
[PlyCount "82"]
[EventDate "1999.08.09"]

1. g4 d5 2. h3 c6 3. Bg2 h5 4. g5 Bf5 5. d3 e5 6. Nf3 Nd7 7. h4 Ne7 8. Nbd2 Ng6
9. Nf1 Qb6 10. c3 Nf4 11. Bxf4 exf4 12. Nd4 Bg4 13. Qb3 Ne5 14. Nh2 O-O-O 15.
Qxb6 axb6 16. Nhf3 Ng6 17. b4 Be7 18. a4 f6 19. Bh3 Ne5 20. Nxe5 fxe5 21. Nf5 {

[Event "AUT-ch99M"]
[Site "Wien"]
[Date "1999.08.10"]
[Round "4"]
[White "Hoelzl, Franz"]
[Black "Sommerbauer, Norbert"]
[Result "0-1"]
[WhiteElo "2428"]
[BlackElo "2375"]
[PlyCount "174"]
[EventDate "1999.08.10"]

1. c4 e6 2. Nc3 d5 3. d4 c5 4. cxd5 exd5 5. Nf3 Nc6 6. Be3 c4 7. g3 Nf6 8. Bg2
Bb4 9. O-O O-O 10. Bg5 Be7 11. Ne5 Be6 12. e3 Rc8 13. f4 Ne8 14. Nxc6 bxc6 15.
Bxe7 Qxe7 16. f5 Bd7 17. e4 dxe4 18. Nxe4 Nf6 19. Qc2 Rb8 20. Rae1 Rfe8 21. a3
Nxe4 22. Rxe4 22... Qf6 {=} 23. Rxe8+ Bxe8 24. Qxc4 Rxb2 25. Qc5 Rd2 26. Re1
Bd7 27. d5 Qxf5 28. Qe3 Rxg2+ 29. Kxg2 Qxd5+ 30. Qe4 Kf8 31. Qxd5 cxd5 32. Rc1
a6 33. Kf2 Bb5 34. Ke3 Bc4 35. Kd4 Ke7 36. Rb1 Kf6 37. a4 h5 38. Rb6+ Kf5 39.
Rb7 Ke6 40. a5 g6 41. Rb6+ Kf5 42. Rd6 f6 43. h3 Kg5 44. Rb6 Kf5 45. Rb1 g5 46.
Rb2 Kg6 47. Rf2 Kf7 48. Kc5 Ke6 49. Rf3 Ke5 50. g4 hxg4 51. hxg4 Ke6 52. Re3+
Kd7 53. Re1 Bb3 54. Rb1 Bc4 55. Rb6 Ke7 56. Rd6 Kf7 57. Kb6 Ke7 58. Kc7 Kf7 59.
Kd8 Be2 60. Rd7+ Kg6 61. Ke7 Bxg4 62. Rd6 Be2 63. Rxf6+ Kh5 64. Rf5 d4 65. Kf6
Kg4 66. Rd5 d3 67. Rd4+ Kf3 68. Kxg5 {=} 68... Ke3 69. Rd6 d2 70. Rxd2 Kxd2 71.
Kf4 71... Bd1 { } 72. Ke4 Bh5 73. Kd4 Bg6 74. Kc4 Bf7+ 75. Kd4 Be8 76. Kc4 Bf7+
77. Kd4 Bb3 78. Ke4 Bc2+ 79. Kf3 Bg6 80. Kf4 Ke2 81. Ke5 Ke3 82. Kd5 Bf7+ 83.
Ke5 Bg6 84. Kd5 Kd3 85. Ke5 Kc4 86. Kf4 Kb4 87. Ke3 Kxa5 0-1

[Event "AUT-ch99M"]
[Site "Wien"]
[Date "1999.08.10"]
[Round "4"]
[White "Stanec, Nikolaus"]
[Black "Stichlberger, Martin"]
[Result "1-0"]
[WhiteElo "2495"]
[BlackElo "2296"]
[PlyCount "65"]
[EventDate "1999.08.10"]

1. d4 h6 2. e4 a6 3. Bd3 d6 4. f4 g5 5. c3 c5 6. Ne2 cxd4 7. cxd4 Bg7 8. Nbc3
gxf4 9. Bxf4 Nc6 10. Be3 Nf6 11. h3 Qa5 12. Qd2 h5 13. Ng1 b5 14. Nf3 b4 15.
Ne2 d5 16. e5 Ne4 17. Bxe4 dxe4 18. Ng5 Bb7 19. O-O Rf8 20. Ng3 Rd8 21. Qf2 Bh6
22. Nf5 Bxg5 23. Bxg5 e3 24. Qxe3 Qd5 25. Rf2 Bc8 26. Ng7+ Kd7 27. Rc1 Rg8 28.
Nf5 Ke8 29. Rc5 Qe6 30. Rxc6 Qxc6 31. Nxe7 Qd7 32. Nxg8 Qxd4 33. Nf6+ 1-0

[Event "AUT-ch99M"]
[Site "Wien"]
[Date "1999.08.10"]
[Round "4"]
[White "Weinzettl, Ernst"]
[Black "Weiss, Christian"]
[Result "1/2-1/2"]
[WhiteElo "2401"]
[BlackElo "2524"]
[PlyCount "131"]
[EventDate "1999.08.10"]

1. e4 c6 2. Nc3 d5 3. Nf3 Bg4 4. h3 Bxf3 5. Qxf3 e6 6. d3 Nf6 7. g3 Bb4 8. Bd2
O-O 9. a3 Be7 10. Bg2 Nbd7 11. Qe2 b5 12. O-O a5 13. a4 d4 14. e5 dxc3 15. exf6
Bxf6 16. Bxc3 Bxc3 17. bxc3 Rc8 18. Rfb1 Qb6 19. d4 Rb8 20. Bf1 Qc7 21. axb5
cxb5 22. Rxb5 Rxb5 23. Qxb5 Qxc3 24. Ra4 Nf6 25. Qc4 Qe1 26. Qe2 Qc3 27. Qd3
Qxd3 28. Bxd3 Ra8 29. c4 Kf8 30. Kg2 Ke7 31. Kf3 Kd6 32. Ke3 Ra7 33. f4 g6 34.
Be2 Kc6 35. Bf3+ Kb6 36. Kd3 Kc7 37. Ra3 37... Ra6 { } 38. Bd1 Ra7 39. Ba4 Nh5
40. Ke4 Kd6 41. Rb3 Nf6+ 42. Kf3 Kc7 43. g4 Ra8 44. f5 gxf5 45. gxf5 Rd8 46.
fxe6 fxe6 47. Ke3 Rg8 48. Kf4 Ne8 49. c5 Rf8+ 50. Ke4 Ng7 51. c6 Rb8 52. Rxb8
Kxb8 53. Ke5 Kc7 54. Kf6 Nh5+ 55. Kxe6 Nf4+ 56. Ke7 h5 57. h4 Ng6+ 58. Ke6 Nf4+
59. Kf5 Nd5 60. Kg5 Nc3 61. Bc2 Kxc6 62. Kxh5 Kd6 63. Kg5 Ke7 64. h5 Kf7 65. d5
Nxd5 66. Bb3 1/2-1/2

[Event "AUT-ch99M"]
[Site "Wien"]
[Date "1999.08.10"]
[Round "4"]
[White "Hansen, Kay"]
[Black "Baumegger, Siegfried"]
[Result "1/2-1/2"]
[WhiteElo "2205"]
[BlackElo "2407"]
[PlyCount "60"]
[EventDate "1999.08.10"]

1. d4 e6 2. c4 Nf6 3. Nf3 b6 4. Nc3 Bb4 5. Qc2 Bb7 6. Bd2 O-O 7. e3 c5 8. a3
Bxc3 9. Bxc3 cxd4 10. Bxd4 Nc6 11. Bc3 Rc8 12. Be2 d5 13. O-O Ne4 14. cxd5 exd5
15. Qd3 Nxc3 16. Qxc3 d4 17. exd4 Ne5 18. Qe3 Nxf3+ 19. Bxf3 Re8 20. Qb3 Bxf3
21. Qxf3 Qxd4 22. Rad1 Qxb2 23. Rd7 {=} 23... Qf6 24. Qxf6 gxf6 25. Rxa7 Re2
26. g3 Rcc2 27. Ra4 Ra2 28. Rg4+ Kf8 29. a4 f5 30. Rf4 Re4 1/2-1/2

[Event "AUT-ch99M"]
[Site "Wien"]
[Date "1999.08.10"]
[Round "4"]
[White "Kummer, Helmut"]
[Black "Kwatschewsky, Leo"]
[Result "1/2-1/2"]
[WhiteElo "2293"]
[BlackElo "2344"]
[PlyCount "99"]
[EventDate "1999.08.10"]

1. d4 Nf6 2. c4 g6 3. Nc3 d5 4. cxd5 Nxd5 5. e4 Nxc3 6. bxc3 Bg7 7. Nf3 c5 8.
Rb1 O-O 9. Be2 Qa5 10. Rb5 Qxc3+ 11. Bd2 Qa3 12. Rxc5 Nc6 13. Rc4 Bg4 14. Ra4
Qd6 15. d5 Bxf3 16. Bxf3 Nd4 17. O-O f5 18. Be3 Nxf3+ 19. gxf3 a6 20. Rc4 Be5
21. Qb3 fxe4 22. fxe4 Bxh2+ 23. Kg2 Bf4 24. Bd4 Be5 25. Be3 Qf6 26. Bh6 Rf7 27.
f4 b5 28. Rc6 Qh4 29. Bg5 Qg4+ 30. Kh1 Qh5+ 31. Kg2 Qe2+ 32. Rf2 Qxe4+ 33. Qf3
Qxf3+ 34. Rxf3 Bd6 35. Rb6 Rf5 36. Rd3 b4 37. Rb7 Kf7 38. Bxe7 Bxe7 39. d6 Re8
40. Re3 Rxf4 41. Rexe7+ Rxe7 42. Rxe7+ Kf6 43. Rxh7 Rd4 44. d7 a5 45. Kf3 a4
46. Ke3 Rd1 47. Rh4 Rxd7 48. Rxb4 Ra7 49. a3 Kg5 50. Kf3 1/2-1/2

[Event "AUT-ch99M"]
[Site "Wien"]
[Date "1999.08.10"]
[Round "4"]
[White "Danner, Georg"]
[Black "Casagrande, Harald"]
[Result "1-0"]
[WhiteElo "2407"]
[BlackElo "2355"]
[PlyCount "77"]
[EventDate "1999.08.10"]

1. d4 Nf6 2. Nf3 g6 3. c4 Bg7 4. Nc3 d6 5. e4 O-O 6. Be2 Nbd7 7. Bg5 e5 8. d5
h6 9. Bh4 g5 10. Bg3 Nh5 11. h4 Nxg3 12. fxg3 g4 13. Nd2 h5 14. O-O Bh6 15. Bd3
c5 16. Qe2 16... Kh7 {=} 17. Rf2 f6 18. Nf1 Rf7 19. Rf5 19... Kg6 { } 20. Rxh5
Nf8 21. Rf5 Bxf5 22. exf5+ Kh7 23. Qxg4 Rg7 24. Qf3 e4 25. Qxe4 Nd7 26. Re1 Ne5
27. Be2 Qb6 28. Qc2 Qa5 29. Bh5 Rf8 30. Re4 a6 31. a4 Rfg8 32. Qe2 Kh8 33. g4
Qd8 34. Ng3 Qb6 35. Bg6 Nxg6 36. fxg6 Rxg6 37. Nf5 Bf8 38. g5 Qc7 39. Re7 { }
1-0